Annihilation of Caste / (Record no. 451)

000 -LEADER
fixed length control field 00652nam a2200193Ia 4500
008 - FIXED-LENGTH DATA ELEMENTS--GENERAL INFORMATION
fixed length control field 190805s9999||||xx |||||||||||||| ||und||
020 ## - INTERNATIONAL STANDARD BOOK NUMBER
International Standard Book Number 9788189059675
Terms of availability Rs. 495.00
082 04 - DEWEY DECIMAL CLASSIFICATION NUMBER
Classification number 305.51220954
Item number Am16
100 1# - MAIN ENTRY--PERSONAL NAME
Personal name Ambedkar, B. R.
245 10 - TITLE STATEMENT
Title Annihilation of Caste /
260 ## - PUBLICATION, DISTRIBUTION, ETC. (IMPRINT)
Place of publication, distribution, etc New Delhi :
Name of publisher, distributor, etc Navayana Publishing,
Date of publication, distribution, etc [2014]
300 ## - PHYSICAL DESCRIPTION
Extent 415 p.
Other physical details :
Dimensions ; 22 cm.
500 ## - GENERAL NOTE
General note The annotated critical edition
650 #0 - SUBJECT ADDED ENTRY--TOPICAL TERM
Topical term or geographic name as entry element Caste
700 1# - ADDED ENTRY--PERSONAL NAME
Personal name Anand, S.
700 1# - ADDED ENTRY--PERSONAL NAME
Personal name Roy, Arundhati
852 ## - LOCATION/CALL NUMBER
Location
942 ## - ADDED ENTRY ELEMENTS (KOHA)
Item type Books
Holdings
Withdrawn status Lost status Damaged status Not for loan Collection code Permanent location Current location Shelving location Date acquired Source of acquisition Cost, normal purchase price Total Checkouts Total Renewals Full call number Barcode Date last seen Date last borrowed Koha item type Public note
        Fiction IMU Kochi Library IMU Kochi Library Fiction & General 2019-07-16 Calicut Books 495.00 7 2 305.51220954 Am16 BK005747 2023-03-13 2023-03-08 Books Shelf-18, Row-2


Copyright © All Rights Reserved by Indian Maritime University, Kochi Campus.
For any Suggestions/Query Contact to library or Email: library.kochi@imu.ac.in Ph:(0484)-2989402
(Web OPAC Designed by Rudra Ranjan. Maintained by IMU Kochi Library)

Powered by Koha